Estadísticas para Comunas de la Región de Coquimbo

Haz click aquí para intentar la prueba.

Estadísticas generales

  • Esta prueba ha sido intentada 10 veces
  • La puntuación promedio es 9 de 15

Estadísticas de respuestas

Comunas% Correcto
Coquimbo
100%
La Serena
100%
Los Vilos
80%
Andacollo
60%
Illapel
60%
La Higuera
60%
Monte Patria
60%
Ovalle
60%
Punitaqui
60%
Salamanca
60%
Vicuña
60%
Canela
40%
Paihuano
40%
Combarbalá
20%
Río Hurtado
20%

Distribución de puntuación

Porcentaje por número respondido

Porcentaje de gente con cada puntuación

Historial de tus puntuaciones

No has intentado esta prueba.